| 000 | 00747nam a2200205 i 4500 | ||
|---|---|---|---|
| 001 | 52919 | ||
| 003 | ES-MaACL | ||
| 005 | 20250913153949.0 | ||
| 007 | t| | ||
| 008 | 030910s1970 sp ||||1| spa d | ||
| 080 | _a37.03:612.6 | ||
| 100 | 1 |
_aDelarge, Bernarda. _9173799 |
|
| 245 | 1 | 0 |
_aReflexiones a propósito de la educación sexual de los niños : _b[libro de la vida y el amor] / _cBernarda Delarge ; traducción por Felipe Ximénez de Sandoval. |
| 260 |
_aMadrid : _bStudium, _c[1970] |
||
| 300 |
_a32 p., 31 h. sueltas : _bil. col. ; _c20 cm. |
||
| 650 | 7 |
_aEducación sexual de niños _2embne _912122 |
|
| 700 | 1 |
_aXiménez de Sandoval, Felipe, _d1903-1978 _9117510 |
|
| 852 | 4 |
_aES-MaACL _jC-51723 |
|
| 999 |
_c52919 _d52919 |
||